Rajd Finlandii - zwycięzcy (1973 - obecnie) - Statystyki

Ogólne statystyki
  • Ten quiz został rozwiązany 5 razy
  • Średni wynik to 36 z 51
Statystyki odpowiedzi
Rok Samochód Kraj pochodzenia kierowcy Kierowca % Poprawnych
2008 Citroën C4 WRC Francja Sébastien Loeb
100%
2011 Citroën DS3 WRC Francja Sébastien Loeb
100%
2012 Citroën DS3 WRC Francja Sébastien Loeb
100%
2013 Volkswagen Polo R WRC Francja Sébastien Ogier
100%
2024 Toyota GR Yaris Rally1 Francja Sébastien Ogier
100%
1990 Toyota Celica GT-Four ST165 Hiszpania Carlos Sainz
80%
1992 Lancia Delta HF Integrale Francja Didier Auriol
80%
1991 Lancia Delta Integrale 16V Finlandia Juha Kankkunen
80%
1993 Toyota Celica Turbo 4WD Finlandia Juha Kankkunen
80%
1999 Subaru Impreza WRC 99 Finlandia Juha Kankkunen
80%
2000 Peugeot 206 WRC Finlandia Marcus Grönholm
80%
2001 Peugeot 206 WRC Finlandia Marcus Grönholm
80%
2002 Peugeot 206 WRC Finlandia Marcus Grönholm
80%
2004 Peugeot 307 WRC Finlandia Marcus Grönholm
80%
2005 Peugeot 307 WRC Finlandia Marcus Grönholm
80%
2006 Ford Focus RS WRC 06 Finlandia Marcus Grönholm
80%
2007 Ford Focus RS WRC 07 Finlandia Marcus Grönholm
80%
2003 Ford Focus RS WRC 03 Estonia Markko Märtin
80%
2009 Ford Focus RS WRC 09 Finlandia Mikko Hirvonen
80%
2018 Toyota Yaris WRC Estonia Ott Tänak
80%
2019 Toyota Yaris WRC Estonia Ott Tänak
80%
2022 Hyundai i20 N Rally1 Estonia Ott Tänak
80%
1973 Ford Escort RS1600 Finlandia Timo Mäkinen
80%
1994 Ford Escort RS Cosworth Finlandia Tommi Mäkinen
80%
1995 Mitsubishi Lancer Evolution III Finlandia Tommi Mäkinen
80%
1996 Mitsubishi Lancer Evolution III Finlandia Tommi Mäkinen
80%
1997 Mitsubishi Lancer Evolution IV Finlandia Tommi Mäkinen
80%
1998 Mitsubishi Lancer Evolution V Finlandia Tommi Mäkinen
80%
1981 Ford Escort RS1800 Finlandia Ari Vatanen
60%
1984 Peugeot 205 Turbo 16 Finlandia Ari Vatanen
60%
2021 Toyota Yaris WRC Wielka Brytania Elfyn Evans
60%
2023 Toyota GR Yaris Rally1 Wielka Brytania Elfyn Evans
60%
1974 Ford Escort RS1600 Finlandia Hannu Mikkola
60%
1975 Toyota Corolla Finlandia Hannu Mikkola
60%
1982 Audi Quattro Finlandia Hannu Mikkola
60%
1983 Audi Quattro A2 Finlandia Hannu Mikkola
60%
2010 Ford Focus RS WRC 09 Finlandia Jari-Matti Latvala
60%
2014 Volkswagen Polo R WRC Finlandia Jari-Matti Latvala
60%
2015 Volkswagen Polo R WRC Finlandia Jari-Matti Latvala
60%
2016 Citroën DS3 WRC Wielka Brytania Kris Meeke
60%
1976 Fiat 131 Abarth Finlandia Markku Alén
60%
1978 Fiat 131 Abarth Finlandia Markku Alén
60%
1979 Fiat 131 Abarth Finlandia Markku Alén
60%
1980 Fiat 131 Abarth Finlandia Markku Alén
60%
1987 Lancia Delta HF 4WD Finlandia Markku Alén
60%
1988 Lancia Delta Integrale Finlandia Markku Alén
60%
1989 Mitsubishi Galant VR-4 Szwecja Mikael Ericsson
60%
2017 Toyota Yaris WRC Finlandia Esapekka Lappi
40%
1985 Peugeot 205 Turbo 16 E2 Finlandia Timo Salonen
40%
1986 Peugeot 205 Turbo 16 E2 Finlandia Timo Salonen
40%
1977 Ford Escort RS1800 Finlandia Kyösti Hämäläinen
20%
Nie znaleziono quizów pasujących do podanych kryteriów
Rozkład punktacji
Procent ludzi z każdym wynikiem
Percentyl według liczby udzielonych odpowiedzi
Twoja historia wyników
Nie rozwiązałeś tego quizu